000 00637nam a22002177a 4500
005 20140728104539.0
010 _aENG-109799
020 _a9789382770015
_c360.00
035 _aEN-93332
035 _aB-537864-865
037 _bDBAD/PUB
037 _bK.K.Pub/Ven
_adpl
082 _aS
100 _aSarah
245 0 0 _aTime survivors /
_cby Sarah
260 _aNew Delhi
_bImage India
_c2013
270 _aF-29, Street No.6, Sadatpur Extension
_bNew Delhi
_e110094
300 _a140p.
_c22cm(Hb)
942 _2ddc
_cEN
_mSAR
_hS
999 _c83788
_d83788